Business Administration Manual (Record no. 6067)

MARC details
005 - DATE AND TIME OF LATEST TRANSACTION
control field 20250628144928.0
100 ## - MAIN ENTRY--PERSONAL NAME
Author name SCHAEFER, W
245 ## - TITLE STATEMENT
Title Business Administration Manual
260 ## - PUBLICATION, DISTRIBUTION, ETC.
Place of publication, distribution, etc. Dar es salaam
Name of publisher, distributor, etc. College of Business Education
Date of publication, distribution, etc. 1978
300 ## - PHYSICAL DESCRIPTION
Extent 232p.: ill; Table
Dimensions 29cm
942 ## - ADDED ENTRY ELEMENTS (KOHA)
Source of classification or shelving scheme Dewey Decimal Classification
Koha item type Books
Holdings
Date last seen Total checkouts Full call number Barcode Cost, replacement price Price effective from Koha item type Lost status Source of classification or shelving scheme Damaged status Not for loan Withdrawn status Home library Current library Shelving location Date acquired Source of acquisition Cost, normal purchase price
06/28/2025   568 SCH MBY000818 150000.00 06/28/2025 Books   Dewey Decimal Classification       CBE MBEYA CBE MBEYA General Collection 12/08/2016 Purchase 50000.00
06/28/2025   658 SCH MBY000981 150000.00 06/28/2025 Books   Dewey Decimal Classification       CBE MBEYA CBE MBEYA General Collection 06/28/2025 PURCHASE 50000.00
06/28/2025   658 SCH MBY000982 150000.00 06/28/2025 Books   Dewey Decimal Classification       CBE MBEYA CBE MBEYA General Collection 06/28/2025 PURCHASE 50000.00
06/28/2025   658 SCH MBY000983 150000.00 06/28/2025 Books   Dewey Decimal Classification       CBE MBEYA CBE MBEYA General Collection 06/28/2025 PURCHASE 50000.00
06/28/2025   568 SCH MBY000951 150000.00 06/28/2025 Books   Dewey Decimal Classification       CBE MBEYA CBE MBEYA General Collection 12/08/2016 Purchase 50000.00